000 00268nam a2200097Ia 4500
082 _aEKF YORK
245 0 _aAshley learns about strangers
100 _a York, Sarah Mountbatten-Windsor New York, 2009
942 _cBK
008 210817s9999 xx 000 0 und d
999 _c311004
_d311003